| 000 | 00999cam a2200229 4500 | ||
|---|---|---|---|
| 001 | ABS67994 | ||
| 008 | 040726n2004 000 0 eng u | ||
| 035 | _a(Sirsi) u126922 | ||
| 100 | _aBingham, T. | ||
| 245 | _aFirst things last | ||
| 260 | _c2004 | ||
| 490 |
_aBuilding _v269(8342) 23 July 2004, 50-51(2) |
||
| 520 | _aComments on the auditor general's report on the Scottish Parliament building which cost £431m to build instead of the earlier estimate of £40m. Argues that the blame for this huge overspend relates to work starting on the building before the designs were fully developed. This problem worsened in 2001 when the Scottish Parliament decided that the original building was too small and ordered it to be built half as big again. | ||
| 590 | _aABS | ||
| 590 | _aABS | ||
| 650 | _aSCOTTISH PARLIAMENT | ||
| 650 | _aSCOTLAND | ||
| 650 | _aBUILDING DESIGN | ||
| 650 |
_aCONSTRUCTION MANAGEMENT _96230 |
||
| 690 | _aBUILDING AND CONSTRUCTION-MANAGEMENT | ||
| 942 | _n0 | ||
| 999 |
_c117769 _d117769 |
||